<?xml version="1.0" encoding="UTF-8"?>
<record
    xmlns:xsi="http://www.w3.org/2001/XMLSchema-instance"
    xsi:schemaLocation="http://www.loc.gov/MARC21/slim http://www.loc.gov/standards/marcxml/schema/MARC21slim.xsd"
    xmlns="http://www.loc.gov/MARC21/slim">

  <leader>00799cam a2200205 a 4500</leader>
  <controlfield tag="001">000007158</controlfield>
  <controlfield tag="005">20200929154101.0</controlfield>
  <controlfield tag="008">831117s1971    sp a          001 0 spa  </controlfield>
  <datafield tag="040" ind1=" " ind2=" ">
    <subfield code="a">DO-SdBNP</subfield>
    <subfield code="c">CarP</subfield>
    <subfield code="d">DLC</subfield>
  </datafield>
  <datafield tag="082" ind1=" " ind2=" ">
    <subfield code="a">738</subfield>
    <subfield code="b">A791A</subfield>
  </datafield>
  <datafield tag="100" ind1="1" ind2=" ">
    <subfield code="a">Aldana Fern&#xE1;ndez, S.</subfield>
    <subfield code="q">(Salvador Aldana Fern&#xE1;ndez).</subfield>
    <subfield code="9">19874</subfield>
  </datafield>
  <datafield tag="245" ind1="1" ind2="0">
    <subfield code="a">Llor&#xE9;ns Artigas /</subfield>
    <subfield code="c">S. Aldana Fern&#xE1;ndez.</subfield>
  </datafield>
  <datafield tag="260" ind1=" " ind2=" ">
    <subfield code="a">Madrid :</subfield>
    <subfield code="b">Direcci&#xF3;n General de Bellas Artes :</subfield>
    <subfield code="b">Ministerio de Educaci&#xF3;n y Ciencia,</subfield>
    <subfield code="c">1971.</subfield>
  </datafield>
  <datafield tag="300" ind1=" " ind2=" ">
    <subfield code="a">71 p. :</subfield>
    <subfield code="b">il. ;</subfield>
    <subfield code="c">17 cm.</subfield>
  </datafield>
  <datafield tag="490" ind1="1" ind2=" ">
    <subfield code="a">Artistas espa&#xF1;oles contempor&#xE1;neos</subfield>
    <subfield code="v">no. 3</subfield>
    <subfield code="a">Ceramistas</subfield>
  </datafield>
  <datafield tag="610" ind1="1" ind2="0">
    <subfield code="a">LLOR&#xC9;NS, ARTIGAS JOS&#xC9;,</subfield>
    <subfield code="d">1892-1980.</subfield>
    <subfield code="9">19875</subfield>
  </datafield>
  <datafield tag="650" ind1=" " ind2="4">
    <subfield code="a">Cer&#xE1;mica espa&#xF1;ola</subfield>
    <subfield code="9">19871</subfield>
  </datafield>
  <datafield tag="830" ind1=" " ind2="0">
    <subfield code="a">Artistas espa&#xF1;oles contempor&#xE1;neos ;</subfield>
    <subfield code="v">no 3.</subfield>
    <subfield code="p">Ceramistas</subfield>
    <subfield code="9">19876</subfield>
  </datafield>
  <datafield tag="910" ind1=" " ind2=" ">
    <subfield code="a">Catalogaci&#xF3;n por copia / LC</subfield>
  </datafield>
  <datafield tag="952" ind1=" " ind2=" ">
    <subfield code="0">0</subfield>
    <subfield code="1">0</subfield>
    <subfield code="5">2</subfield>
    <subfield code="7">0</subfield>
    <subfield code="8">MO</subfield>
    <subfield code="a">GR</subfield>
    <subfield code="b">GR</subfield>
    <subfield code="c">CT</subfield>
    <subfield code="d">2009-09-04</subfield>
    <subfield code="i">LF1</subfield>
    <subfield code="l">0</subfield>
    <subfield code="o">738 A791A</subfield>
    <subfield code="p">7158-10</subfield>
    <subfield code="r">2020-06-25</subfield>
    <subfield code="w">2020-06-25</subfield>
    <subfield code="y">2</subfield>
    <subfield code="Z">Pr&#xE9;stamo interno</subfield>
  </datafield>
  <datafield tag="999" ind1=" " ind2=" ">
    <subfield code="c">6939</subfield>
    <subfield code="d">6939</subfield>
  </datafield>
</record>
